| 000 | 00816nam a2200217Ia 4500 | ||
|---|---|---|---|
| 003 | LK-CoDNM | ||
| 008 | 010623t2008 xxu||||| |||| 00| 1 sin d | ||
| 040 |
_aLK-CoDNM _dLK-CoDNM _eLK-CoDNM |
||
| 041 | _asin | ||
| 080 |
_a792.072 _bJAY |
||
| 100 | _aJayaratne, Priyantha | ||
| 245 | _aස්ත්රී ශාංගාරය සහ ගැහැණු අනුරාගය - තනිතටුවෙන් පියාඹන්න චිත්රපටය පිළිබඳ විවරණයක් | ||
| 246 | _aSthri srungaraya saha gehanu anuragaya : Thini thatuwen Piyabanna chithrapataya pilibanda vivaranayak | ||
| 260 |
_bSanhida publications _aNugegoda _c2008 |
||
| 300 | _b191, 24.5 cm | ||
| 500 | _aNo.III | ||
| 650 | _aCinema | ||
| 650 | _aDancing | ||
| 650 | _aLiterature | ||
| 942 | _cBK | ||
| 999 |
_c128254 _d128254 |
||